LEADER 00747nam a2200193 i 4500 001 000000235984 003 CaOOAMICUS 005 20141119000000.0 008 141119s1960 it u000 u ita u 013 $a214888 040 $aSeMil$bita 245 13$aLe ferrovie dello stato. 300 $aVIII, 208 p. :$bfoto. 650 4$aFerrovie - Italia - Storia.$0(OLS)http://semarc/subject/33044 700 1 $aAngelini, Armando.$0(OLS)http://semarc/name/14320 773 0 $aAngelini, Armando$tCinque anni di politica dei trasporti.$dFirenze : Vallecchi, copyr. 1960.$g1$w()30989 850 $aSeMil 852 $aSeMil$W1$xVenegono$y1$m3M V 113$j186330$B186330$CSeMilBibl$Z2$F197173 $81 996 $6245$aLe ferrovie dello stato$9(OLS)http://semarc/title/336290 LEADER 01078nam a2200217 i 4500 001 000000240949 003 CaOOAMICUS 005 20150416000000.0 008 150416s1898 it u000 u ita u 013 $a219854 040 $aSeMil$bita 100 1 $aVillari, Pasquale,$d<1826-1917>.$0(OLS)http://semarc/name/8361 245 10$aScelta di prediche e scritti di fra Girolamo Savonarola con nuovi documenti intorno alla sua vita /$cdi P. Villari, E. Casanova. 260 $aIn Firenze :$bG. C. Sansoni,$c1898. 300 $aXI, 520 p., [2] c. di tav. :$bill. ;$c23 cm. 600 14$aSavonarola, Girolamo .$0(OLS)http://semarc/subject/1591 700 1 $aCasanova, Eugenio <1867-1951>.$0(OLS)http://semarc/name/62902 850 $aSeMil 852 $aSeMil$W1$xVenegono$y1$m3E IV 18 FA$j191295$B191295$CSeMilBibl$Z2$F202115 $8I 996 $6245$aScelta di prediche e scritti di fra Girolamo Savonarola con nuovi documenti intorno alla sua vita$9(OLS)http://semarc/title/342555 996 $6260$aIn Firenze :$bG. C. Sansoni$9(OLS)http://semarc/publisher/36575